Philippine literature: (Record no. 2101)
[ view plain ]
| 000 -LEADER | |
|---|---|
| fixed length control field | 00633nam a22001817a 4500 |
| 008 - FIXED-LENGTH DATA ELEMENTS--GENERAL INFORMATION | |
| fixed length control field | 160429b xxu||||| |||| 00| 0 eng d |
| 020 ## - INTERNATIONAL STANDARD BOOK NUMBER | |
| International Standard Book Number | 9712705994 |
| 082 ## - DEWEY DECIMAL CLASSIFICATION NUMBER | |
| Edition number | 2003 |
| Classification number | DFil 899.211 |
| Item number | P53 |
| 245 ## - TITLE STATEMENT | |
| Title | Philippine literature: |
| Remainder of title | a history and anthology/ |
| Statement of responsibility, etc. | edited by Bienvenido Lumbera and Cynthia Nograles Lumbera. |
| 250 ## - EDITION STATEMENT | |
| Edition statement | English Edition. |
| 260 ## - PUBLICATION, DISTRIBUTION, ETC. (IMPRINT) | |
| Place of publication, distribution, etc. | Pasig City: |
| Name of publisher, distributor, etc. | Anvil Publishing, Inc., |
| Date of publication, distribution, etc. | c2003. |
| 300 ## - PHYSICAL DESCRIPTION | |
| Extent | 456 pages; |
| Dimensions | 25 cm. |
| 650 #0 - SUBJECT ADDED ENTRY--TOPICAL TERM | |
| 9 (RLIN) | 6796 |
| Topical term or geographic name as entry element | Philippine literature |
| 700 ## - ADDED ENTRY--PERSONAL NAME | |
| 9 (RLIN) | 6797 |
| Personal name | Lumbera Bienvenido |
| Relator term | editor. |
| 700 ## - ADDED ENTRY--PERSONAL NAME | |
| 9 (RLIN) | 6798 |
| Personal name | Lumbera, Cynthia Nograles |
| Relator term | editor. |
| 365 ## - TRADE PRICE | |
| Price amount | 935.00 |
| Currency code | Php |
| 942 ## - ADDED ENTRY ELEMENTS (KOHA) | |
| Source of classification or shelving scheme | Dewey Decimal Classification |
| Koha item type | Filipiniana |
| Withdrawn status | Lost status | Source of classification or shelving scheme | Damaged status | Not for loan | Collection code | Home library | Current library | Shelving location | Date acquired | Source of acquisition | Total Checkouts | Full call number | Barcode | Date last seen | Date last checked out | Copy number | Cost, replacement price | Price effective from | Koha item type |
|---|---|---|---|---|---|---|---|---|---|---|---|---|---|---|---|---|---|---|---|
| Dewey Decimal Classification | Filipiniana | UM Digos College - LIC | UM Digos College - LIC | Book Cart | 10/24/2008 | Purchased | 5 | DFil 899.211 P53 2003 | 16105 | 10/08/2025 | 10/06/2025 | 2 | 935.00 | 08/25/2016 | Filipiniana | ||||
| Dewey Decimal Classification | Filipiniana | UM Digos College - LIC | UM Digos College - LIC | Book Cart | 10/24/2008 | Purchased | DFil 899.211 P53 2003 | 16106 | 10/04/2025 | 3 | 935.00 | 08/25/2016 | Filipiniana | ||||||
| Dewey Decimal Classification | Filipiniana | UM Digos College - LIC | UM Digos College - LIC | Book Cart | 10/07/2003 | Purchased | 4 | DFil 899.211 P53 2003 | 16104 | 10/02/2025 | 09/30/2025 | 1 | 04/24/2017 | Filipiniana |
